[Event "Wloclawek CC Classic 04th"]
[Site "Wloclawek"]
[Date "2012.??.??"]
[Round "3"]
[White "Lebiedzinski, Maciej"]
[Black "Szarfemberg, Pawel"]
[Result "0-1"]
[WhiteElo "1800"]
[BlackElo "1600"]
[PlyCount "88"]
[EventDate "2012.04.??"]
[EventType "swiss"]
[EventRounds "7"]
[EventCountry "POL"]
[SourceTitle "EXT 2021"]
[Source "ChessBase"]
[SourceDate "2020.10.23"]
[SourceVersion "1"]
[SourceVersionDate "2020.10.23"]
[SourceQuality "1"]

1. e4 e5 2. Nf3 Nc6 3. Bc4 Be7 4. a3 Nf6 5. d3 0-0 6. 0-0 d6 7. c3 Bg4 8. Nbd2 Na5 9. Ba2 c5 10. b4 cxb4 11. axb4 Nc6 12. h3 Bh5 13. Qb3 b5 14. g4 Bg6 15. Nh4 Qd7 16. f3 a5 17. Nxg6 hxg6 18. Rf2 a4 19. Qd1 d5 20. exd5 Nxd5 21. Bxd5 Qxd5 22. Ne4 f5 23. Ng3 f4 24. Ne4 Rad8 25. Rd2 Nxb4 26. cxb4 Qd4+ 27. Kg2 Qxa1 28. Nc5 Bxc5 29. bxc5 Qd4 30. Qe2 Qxc5 31. Bb2 Qe3 32. Bxe5 Qxe2+ 33. Rxe2 Rxd3 34. Re4 Re3 35. Bd6 Rxe4 36. fxe4 Rd8 37. e5 Kf7 38. Kf3 g5 39. Ke4 Ke6 40. Bb4 Rd5 41. Bc3 a3 42. h4 a2 43. hxg5 b4 44. Ba1 Rd1 0-1

[Event "Wloclawek CC Classic 05th"]
[Site "Wloclawek"]
[Date "2012.??.??"]
[Round "6"]
[White "Matusiak, Marcin"]
[Black "Szarfemberg, Pawel"]
[Result "0-1"]
[WhiteElo "1600"]
[BlackElo "1800"]
[PlyCount "110"]
[EventDate "2012.06.??"]
[EventType "swiss"]
[EventRounds "7"]
[EventCountry "POL"]
[SourceTitle "EXT 2021"]
[Source "ChessBase"]
[SourceDate "2020.10.23"]
[SourceVersion "1"]
[SourceVersionDate "2020.10.23"]
[SourceQuality "1"]

1. e4 e5 2. Nf3 Nc6 3. d4 exd4 4. Nxd4 Nf6 5. Nc3 Bb4 6. Nxc6 Bxc3+ 7. bxc3 bxc6 8. Bd3 0-0 9. 0-0 d5 10. exd5 cxd5 11. Qf3 Bg4 12. Qg3 Bh5 13. Bh6 Bg6 14. Bxg6 fxg6 15. Bd2 Ne4 16. Qd3 c6 17. f3 Nxd2 18. Qxd2 Qb6+ 19. Kh1 Rfe8 20. Rab1 Qe3 21. Qxe3 Rxe3 22. Rb3 a5 23. a4 Rf8 24. Kg1 Re2 25. Rf2 Re1+ 26. Rf1 Rxf1+ 27. Kxf1 Rf4 28. Ra3 Kf7 29. Ke2 Kf6 30. g3 Rc4 31. Kd2 Kg5 32. Kc1 h5 33. h4+ Kf5 34. Kb2 g5 35. hxg5 Kxg5 36. Kb3 h4 37. gxh4+ Kxh4 38. Ra1 Kg5 39. Rg1+ Kf6 40. Re1 Rf4 41. Re3 c5 42. Ka3 g6 43. Kb3 Kg5 44. Re5+ Rf5 45. Re3 Kf4 46. Re6 g5 47. Ra6 c4+ 48. Kb2 Kxf3 49. Kc1 g4 50. Kd1 Kf2 51. Re6 g3 52. Re2+ Kg1 53. Re3 g2 54. Ke2 Rh5 55. Rf3 Kh1 0-1

[Event "Wloclawek-ch"]
[Site "Wloclawek"]
[Date "2012.??.??"]
[Round "3"]
[White "Niewiadomski, Andrzej"]
[Black "Szarfemberg, Pawel"]
[Result "1-0"]
[WhiteElo "1800"]
[BlackElo "1455"]
[PlyCount "44"]
[EventDate "2012.09.??"]
[EventType "swiss"]
[EventRounds "9"]
[EventCountry "POL"]
[SourceTitle "EXT 2021"]
[Source "ChessBase"]
[SourceDate "2020.10.23"]
[SourceVersion "1"]
[SourceVersionDate "2020.10.23"]
[SourceQuality "1"]

1. d4 d5 2. c4 e6 3. Nc3 Nf6 4. Nf3 Be7 5. Bf4 c6 6. e3 0-0 7. Qc2 Nh5 8. Be5 f6 9. Bxb8 Rxb8 10. g4 dxc4 11. Bxc4 Qa5 12. gxh5 Qxh5 13. Be2 Bb4 14. a3 Ba5 15. b4 Bc7 16. Rc1 e5 17. Nxe5 Qh3 18. Bf1 Qf5 19. Bd3 Qh5 20. Be2 Qe8 21. Nf3 Bg4 22. Qe4 Rd8 1-0